Estudio de mercado del servicio VERIFIED BY VISA en Nicaragua

Presenta un estudio de mercado enfocado como oportunidad de negocios para Grupo Financiero Uno GFU Nicaragua, el ofrecer un POS virtual, Sistema para realizar compras por Internet, a compañías hoteleras y establecimientos turísticos con el sistema y certificación VERIFIED BY VISA.

Bibliographic Details
Main Authors: Vásquez, José Leonel, Baltodano, David Daniel
Other Authors: Tutor: Ordeñana, Ariel
Format: Tesis Section = Libro
Language:Undetermined
Spanish
Published: Managua UNI 2007
Subjects:
LEADER 01020nam a2200241Ia 4500
008 240830s9999 xx 000 0 und d
040 |a BIBLIOTECA-RUSB/ M.Mon 658.835 V335 
041 |a spa 
082 |a M.Mon 658.835 V335 
100 1 |a Vásquez, José Leonel 
100 1 |b  Baltodano, David Daniel 
245 1 0 |a Estudio de mercado del servicio VERIFIED BY VISA en Nicaragua 
260 |a Managua  |b UNI  |c 2007 
300 |a 81 p. :il. 
502 |a Tesis (Maestría en Dirección y Gestión de Empresas) - UNI, 2007. 
520 3 |a Presenta un estudio de mercado enfocado como oportunidad de negocios para Grupo Financiero Uno GFU Nicaragua, el ofrecer un POS virtual, Sistema para realizar compras por Internet, a compañías hoteleras y establecimientos turísticos con el sistema y certificación VERIFIED BY VISA. 
650 7 |a ESTUDIO DE MERCADO 
650 7 |b  OFERTA Y DEMANDA 
650 7 |c  COMERCIO ELECTRÓNICO 
700 1 |a Tutor:  |b Ordeñana, Ariel 
942 |c BK  |2 ddc 
991 |a TESIS 
999 |c 19522